000 01444nam0a2200337 4500
001 RU\NLR\bibl\1506039
005 20260405191030.0
010 _a978-5-17-064429-2
_bАСТ
010 _a978-5-403-03167-7
_bАСТ МОСКВА
_912500
021 _aRU
_b2010-20144
_91357
035 _a(NLR Aleph) 001497461
090 _a1788242
_c1788242
100 _a20100323d2010 |||y0rusy50 ca
101 1 _arus
_ceng
102 _aRU
105 _ay |||||||||
200 1 _aОчаровательная наставница
_eроман
_fЭмили Брайан
_g[пер. с англ. Н. А. Ануфриевой]
210 _aМосква
_cАСТ
_d2010
215 _a285, [1] с.
_d17
225 1 _aОчарование
225 1 _aМини Шарм
610 0 _aФилологические науки. Художественная литература -- США -- Американская литература -- с 1945 г. -- Произведения художественной литературы -- Художественная проза -- Романы. Повести. Рассказы
686 _aШ5(7США)62-644
_2rubbk
686 _aШ6(7США)67-440.4{Лх1979-50}
700 1 _4070
_8rus
_7ca
_aГроу
_bД.
_gДиана
_3RU\NLR\auth\7783121
_966049
801 0 _aRU
_bРГБ
_c20100323
_gRCR
801 1 _aRU
_bРГБ
_c20100323
801 2 _aRU
_bNLR
_c20100428
_grcr
942 _cBOOK
980 _aNB